Zwycięzcy Mistrzostw Świata - Statystyki

Ogólne statystyki
  • Ten quiz został rozwiązany 66 razy
  • Średni wynik to 21 z 22
Statystyki odpowiedzi
Rok MŚ Odpowiedź % Poprawnych
1978 Argentyna
100%
1986 Argentyna
100%
2022 Argentyna
100%
1998 Francja
98%
2018 Francja
98%
1954 Niemcy
98%
1974 Niemcy
98%
1990 Niemcy
98%
2014 Niemcy
98%
1958 Brazylia
95%
1962 Brazylia
95%
1970 Brazylia
95%
1994 Brazylia
95%
2002 Brazylia
95%
2010 Hiszpania
95%
1930 Urugwaj
93%
1950 Urugwaj
93%
1934 Włochy
93%
1938 Włochy
93%
1982 Włochy
93%
2006 Włochy
93%
1966 Anglia
90%
Nie znaleziono quizów pasujących do podanych kryteriów
Rozkład punktacji
Procent ludzi z każdym wynikiem
Percentyl według liczby udzielonych odpowiedzi
Twoja historia wyników
Nie rozwiązałeś tego quizu